MARC

LEADER 00000nas a2200000 a 4500
001 ssj0014147
003 WaSeSS
005 20200512172242.0
006 m d
007 cr n
008 021211c18879999enkfr pss bo 0 0eng c
010 |a  2002227350 
016 7 |a 1466020-9  |2 DE-600 
022 |a 1464-3561  |l 0009-840X  |y 0009-840X 
035 |a (WaSeSS)ssj0014147 
040 |a EYM  |b eng  |c EYM  |d OCLCQ  |d OUN  |d OCLCQ  |d CIT  |d OCLCQ  |d UMC  |d OCLCF  |d OCLCO  |d OCLCQ  |d DEBBG  |d OCLCE  |d CNTRU  |d OCLCO  |d OCLCA  |d U3W  |d OCLCO  |d EZC  |d OCLCO  |d GILDS  |d OCLCO  |d WYU  |d OCLCO  |d AUD  |d VT2  |d OCLCO  |d NJT  |d IUL  |d UKBTH  |d OCLCO  |d OCL  |d OCLCA  |d WaSeSS 
042 |a pcc 
050 1 4 |a PA1 
060 0 0 |a Z 7016  |b C615 
130 0 |a Classical review (Online) 
222 0 |a Classical review  |b (Online) 
245 1 4 |a The classical review  |h [electronic resource]. 
260 |a London :  |b David Nutt,  |c 1887- 
310 |a Semiannual,  |b 1973- 
321 |a Frequency varies,  |b 1887-1972 
362 0 |a Vol. 1, no. 1 (Mar. 1887)-v. 64, no. 3/4 (Dec. 1950) ; new ser., v. 1, no. 1 (Mar. 1951)- 
500 |a Title from title screen (viewed Dec. 12, 2002). 
500 |a Imprint varies. 
506 |a License restrictions may limit access. 
515 |a New ser., v. 1- called also v. 65- continuing the numbering designation of the previous series. 
550 |a Published for the Classical Association, 1910- 
580 |a Beginning with 1907, Classical quarterly, and: Classical review, are complementary to each other, between them covering the ground previously occupied by the Classical review. 
588 |a Latest issue consulted: Vol. 46, no. 2 (1996). 
650 0 |a Classical philology  |v Periodicals. 
650 0 |a Classical philology  |v Bibliography  |v Periodicals. 
650 2 |a Philology, Classical. 
650 7 |a Classical philology.  |2 fast  |0 (OCoLC)fst00863532 
650 1 7 |a Filologie.  |2 gtt 
650 1 7 |a Klassieke talen.  |2 gtt 
650 1 7 |a Boekbesprekingen.  |2 gtt 
650 1 7 |a Cultuurgeschiedenis.  |2 gtt 
650 1 7 |a Klassieke oudheid.  |2 gtt 
655 0 |a Electronic journals. 
710 2 |a Classical Association (Great Britain) 
776 0 8 |i Print version:  |t Classical review  |x 0009-840X  |w (DLC) 10032843  |w (OCoLC)1554850 
785 0 1 |t Classical quarterly (Online)  |g 1907-  |x 1471-6844  |w (DLC) 2002227228  |w (OCoLC)51205090 
856 4 0 |z Full text available from Research Library: 03/01/2001 to 1 year ago  |u https://search.proquest.com/publication/1234